African American literature / (Record no. 588)
| 000 -LEADER | |
|---|---|
| fixed length control field | 01083cam a2200301 a 4500 |
| 001 - CONTROL NUMBER | |
| control field | 13345207 |
| 003 - CONTROL NUMBER IDENTIFIER | |
| control field | OSt |
| 005 - DATE AND TIME OF LATEST TRANSACTION | |
| control field | 20140116120832.0 |
| 008 - FIXED-LENGTH DATA ELEMENTS--GENERAL INFORMATION | |
| fixed length control field | 030916s2004 nyu b 001 0 eng |
| 010 ## - LIBRARY OF CONGRESS CONTROL NUMBER | |
| LC control number | 2003020621 |
| 020 ## - INTERNATIONAL STANDARD BOOK NUMBER | |
| International Standard Book Number | 9780321113412 |
| 040 ## - CATALOGING SOURCE | |
| Transcribing agency | DLC |
| Modifying agency | DLC |
| 043 ## - GEOGRAPHIC AREA CODE | |
| Geographic area code | n-us--- |
| 050 00 - LIBRARY OF CONGRESS CALL NUMBER | |
| Classification number | PS508.N3A55 2004 |
| 100 ## - MAIN ENTRY--PERSONAL NAME | |
| Personal name | Gilyard, Keith |
| 245 00 - TITLE STATEMENT | |
| Title | African American literature / |
| Statement of responsibility, etc | Keith Gilyard and Anissa Janine Wardi. |
| 260 ## - PUBLICATION, DISTRIBUTION, ETC. (IMPRINT) | |
| Place of publication, distribution, etc | New York : |
| Name of publisher, distributor, etc | Pearson Longman, |
| Date of publication, distribution, etc | 2004. |
| 300 ## - PHYSICAL DESCRIPTION | |
| Extent | xxiv, 1351 p. |
| 504 ## - BIBLIOGRAPHY, ETC. NOTE | |
| Bibliography, etc | Includes bibliographical references and index. |
| 650 #0 - SUBJECT ADDED ENTRY--TOPICAL TERM | |
| Topical term or geographic name as entry element | American literature |
| General subdivision | African American authors. |
| 650 #0 - SUBJECT ADDED ENTRY--TOPICAL TERM | |
| Topical term or geographic name as entry element | African Americans |
| Form subdivision | Literary collections. |
| 700 1# - ADDED ENTRY--PERSONAL NAME | |
| Personal name | Gilyard, Keith |
| 700 1# - ADDED ENTRY--PERSONAL NAME | |
| Personal name | Wardi, Anissa Janine |
| 856 41 - ELECTRONIC LOCATION AND ACCESS | |
| Materials specified | Table of contents |
| Uniform Resource Identifier | <a href="http://www.loc.gov/catdir/toc/ecip049/2003020621.html">http://www.loc.gov/catdir/toc/ecip049/2003020621.html</a> |
| 906 ## - LOCAL DATA ELEMENT F, LDF (RLIN) | |
| a | 7 |
| b | cbc |
| c | orignew |
| d | 1 |
| e | ecip |
| f | 20 |
| g | y-gencatlg |
| 942 ## - ADDED ENTRY ELEMENTS (KOHA) | |
| Source of classification or shelving scheme | |
| Koha item type | Book |
| Withdrawn status | Lost status | Source of classification or shelving scheme | Damaged status | Not for loan | Home library | Current library | Date acquired | Source of acquisition | Total Checkouts | Total Renewals | Full call number | Barcode | Date last seen | Date checked out | Copy number | Price effective from | Koha item type |
|---|---|---|---|---|---|---|---|---|---|---|---|---|---|---|---|---|---|
| Riara University Library | Riara University Library | 24/10/2011 | Purchase | 4 | 2 | PS508.N3A55 2004 | 2939/11 | 06/04/2016 | 29/03/2016 | C.1 | 24/10/2011 | Book | |||||
| Riara University Library | Riara University Library | 24/10/2011 | Purchase | 1 | 1 | PS508.N3A55 2004 | 2938/11 | 03/03/2016 | 28/01/2016 | C.2 | 24/10/2011 | Book | |||||
| Riara University Library | Riara University Library | 24/10/2011 | Purchase | 4 | 1 | PS508.N3A55 2004 | 2940/11 | 09/06/2016 | 29/03/2016 | C.3 | 24/10/2011 | Book |
